000 01230nam0a2200349 4500
001 RU\NLR\bibl\78285
005 20250616102757.0
010 _a5-220-00054-3
_95000
021 _aRU
_b1998-50842
_92450
035 _a(NLR Aleph) 000076419
090 _a423767
_c423767
100 _a20000403d1997 |||y0rusy50 ca
101 1 _arus
_ceng
102 _aRU
105 _ay |||||||||
200 1 _aТайная сила внутри нас
_eДзэн - решения реал. пробл.
_fЧак Норрис
_g[Пер. с англ. К. Семенов]
210 _aК.
_cСофия
_d1997
215 _a253,[1] с.
_d20
300 _aЗагл. и авт. ориг.: The secret power within/ Chuck Norris
454 0 _12001#$aThe secret power within$fChuck Norris
_tThe secret power within
600 1 _aНоррис
_bЧ.
_gЧак
_92211484
_3RU\NLR\auth\661328460
606 0 _aДзен
_9996179
_3RU\NLR\auth\66377057
686 _aЩ374.3(7США)6-86Норрис
686 _aЭ353.2
700 1 _aНоррис
_bЧ.
_gЧак
_4070
801 0 _aRU
_bNLR
_c20000403
_gPSBO
801 1 _aRU
_bNLR
_c20000403
852 _aNLR
_j97-3/8569
942 _cBOOK
980 _aNB